People with the Highest IQs - Statistics

General Stats
  • This quiz has been taken 45 times
  • The average score is 2 of 10
Answer Stats
Rank Name IQ % Correct
9 Albert Einstein 160-190
93%
10 Stephen Hawking 160
48%
7 Leonardo Da Vinci 180-190
20%
1 William James Sidis 250-300
8%
5 Garry Kasparov 194
5%
2 Terence Tao 225-230
5%
3 Christopher Hirata 225
3%
8 Judit Polgar 170
0%
4 Kim Ung-Yong 210
0%
6 Marilyn Vos Savanta 190
0%
No matching quizzes found
Score Distribution
Percent of People with Each Score
Percentile by Number Answered
Your Score History
You have not taken this quiz